| 000 | 00667nam a2200181 i 4500 | ||
|---|---|---|---|
| 001 | 104602 | ||
| 003 | ES-MaACL | ||
| 005 | 20230906183639.0 | ||
| 007 | t| | ||
| 008 | 051202s1964 sp ||||1| spa d | ||
| 111 | 2 |
_aAsamblea Nacional de Turismo ( _n1ª. _cMadrid) _9158488 |
|
| 245 | 1 | 0 |
_aPrimera Asamblea Nacional del Turismo / _cMinisterio de Informacion y Turismo. |
| 260 |
_aMadrid : _bDirección General de Promoción del Turismo, _c1964 ( _fGráf. Oscar) |
||
| 300 |
_a10 v. ; _c27 cm. |
||
| 594 | _aPrecede al título: Ministerio de Información y Turismo. | ||
| 650 | 4 |
_aTurismo- _vCongresos y asambleas. _9158489 |
|
| 852 |
_aES-MaACL _jE-9855-64 _bR.54010 |
||
| 999 |
_c104602 _d104602 |
||